Statistics for Countries in Their Own Language

Click here to take the quiz!

General Stats

  • This quiz has been taken 660 times
  • The average score is 16 of 24

Answer Stats

Local NameAnglicised Name% Correct
Schweiz / Suisse / Svizzera / SvizraSwitzerland
94%
ÖsterreichAustria
92%
Norge / NoregNorway
92%
SverigeSweden
88%
HellasGreece
87%
LietuvaLithuania
86%
République CentrafricaineCentral African Republic
85%
MagyarországHungary
81%
EestiEstonia
80%
MyanmaBurma
78%
LëtzebuergLuxembourg
78%
KampucheaCambodia
76%
HrvatskaCroatia
74%
ZhōngguóChina
68%
ShqipëriaAlbania
60%
LubnānLebanon
59%
MauriceMauritius
58%
BhāratIndia
53%
Føroyar / FærøerneFaroe Islands
47%
Crna GoraMontenegro
46%
Druk YulBhutan
43%
HayastánArmenia
35%
Sak'art'veloGeorgia
32%
Dhivehi RaajjeMaldives
23%

Score Distribution

Percentile by Number Answered

Percent of People with Each Score

Your Score History

You have not taken this quiz